Student's shop reference handbook / (Record no. 60960)

000 -LEADER
fixed length control field 00900pam a2200265 a 4500
001 - CONTROL NUMBER
control field 3804582
003 - CONTROL NUMBER IDENTIFIER
control field NUST-PNEC
005 - DATE AND TIME OF LATEST TRANSACTION
control field 20170116180711.0
008 - FIXED-LENGTH DATA ELEMENTS--GENERAL INFORMATION
fixed length control field 850405s1986 nyua 001 0 eng
010 ## - LIBRARY OF CONGRESS CONTROL NUMBER
LC control number 85008200
020 ## - INTERNATIONAL STANDARD BOOK NUMBER
International Standard Book Number 0831111615
040 ## - CATALOGING SOURCE
Transcribing agency PNEC
050 00 - LIBRARY OF CONGRESS CALL NUMBER
Classification number TJ1165
Item number .S845 1986
082 00 - DEWEY DECIMAL CLASSIFICATION NUMBER
Classification number 670.423 STU
100 ## - MAIN ENTRY--PERSONAL NAME
9 (RLIN) 540
Personal name Hoffman, Edward G.
245 00 - TITLE STATEMENT
Title Student's shop reference handbook /
Statement of responsibility, etc. compiled by Edward G. Hoffman.
250 ## - EDITION STATEMENT
Edition statement 1st ed.
260 ## - PUBLICATION, DISTRIBUTION, ETC.
Place of publication, distribution, etc. New York :
Name of publisher, distributor, etc. Industrial Press,
Date of publication, distribution, etc. c1986.
300 ## - PHYSICAL DESCRIPTION
Extent vii, 531 p. :
Other physical details ill. ;
Dimensions 19 cm.
500 ## - GENERAL NOTE
General note Includes index http://www.amazon.com/Students-Reference-Handbook-Edward-Hofman/dp/0831111615/ref=sr_1_1?s=books&ie=UTF8&qid=1412920516&sr=1-1&keywords=0831111615
650 #0 - SUBJECT ADDED ENTRY--TOPICAL TERM
Topical term or geographic name entry element Machine-shop practice
General subdivision ME
700 1# - ADDED ENTRY--PERSONAL NAME
Personal name Hoffman, Edward G.
906 ## - LOCAL DATA ELEMENT F, LDF (RLIN)
a 7
b cbc
c orignew
d 1
e ocip
f 19
g y-gencatlg
942 ## - ADDED ENTRY ELEMENTS (KOHA)
Source of classification or shelving scheme
Koha item type Book
Holdings
Withdrawn status Lost status Source of classification or shelving scheme Damaged status Not for loan Permanent Location Current Location Shelving location Date acquired Source of acquisition Cost, normal purchase price Total Checkouts Full call number Barcode Date last seen Cost, replacement price Price effective from Koha item type
          Pakistan Navy Engineering College (PNEC) Pakistan Navy Engineering College (PNEC) Reference 01/23/1991 Progressive International Agency 358.50   670.423 HOF PNECLIB-015218 10/10/2014 358.50 01/23/1991 Book
          Pakistan Navy Engineering College (PNEC) Pakistan Navy Engineering College (PNEC) Reference   Progressive international Agency 318.00   670.423 HOF PNECLIB-012206 10/14/2014 318.00 10/14/2014 Book
© 2023 Central Library, National University of Sciences and Technology. All Rights Reserved.